[Event "Torneo de Benidorm sub 2000 2019"]
[Site "Benidorm ESP"]
[Date "2019.12.03"]
[Round "5.9"]
[White "Pokhlebin, Sergej"]
[Black "Trabazos Gallego, Javier"]
[Result "0-1"]
[WhiteElo "1864"]
[BlackElo "1939"]
[PlyCount "92"]
[EventDate "2019.11.29"]
[EventType "swiss"]
[EventRounds "10"]
[EventCountry "ESP"]
[SourceTitle "Ajedrez en Madrid"]
[Source "lmi"]
[SourceDate "2019.11.30"]
[SourceVersion "1"]
[SourceVersionDate "2019.12.08"]
[SourceQuality "1"]

1. e4 g6 2. d4 Bg7 3. Nc3 d5 4. exd5 Nf6 5. Bc4 Nbd7 6. Nf3 O-O 7. O-O Nb6 8.
Qe2 Bg4 9. Bb3 Nfxd5 10. Nxd5 Nxd5 11. c3 c6 12. Re1 e6 13. h3 Bxf3 14. Qxf3
Qd7 15. h4 h5 16. Bg5 Kh7 17. g4 hxg4 18. Qxg4 Nf6 19. Bxf6 Bxf6 20. h5 g5 21.
Qe4+ Kh6 22. Bc2 Rh8 23. Qf3 Kg7 24. Rad1 Rh6 25. Kg2 Rah8 26. Rh1 Qd6 27. Rde1
Kf8 28. Qg4 Bd8 29. Re5 Bf6 30. Re4 Bd8 31. Qe2 Bc7 32. Bb3 g4 33. Kf1 Rxh5 34.
Rg1 g3 35. f4 Rh2 36. Rg2 Rh1+ 37. Rg1 R8h2 38. Qe3 g2+ 39. Kf2 Rh3 40. Qe2 Qe7
41. Qg4 f5 42. Qg6 fxe4 43. Rxg2 Qh4+ 44. Ke2 Qh5+ 45. Qxh5 Rxh5 46. Bxe6 Bxf4
0-1

[Event "Torneo de Benidorm sub 2000 2019"]
[Site "Benidorm ESP"]
[Date "2019.12.03"]
[Round "5.10"]
[White "Gutierrez Abarrategui, Luis"]
[Black "Martinez De Soria Gordon, Jose M"]
[Result "1-0"]
[WhiteElo "1855"]
[BlackElo "1926"]
[PlyCount "93"]
[EventDate "2019.11.29"]
[EventType "swiss"]
[EventRounds "10"]
[EventCountry "ESP"]
[SourceTitle "Ajedrez en Madrid"]
[Source "lmi"]
[SourceDate "2019.11.30"]
[SourceVersion "1"]
[SourceVersionDate "2019.12.08"]
[SourceQuality "1"]

1. d4 Nf6 2. Nc3 d5 3. Bf4 c6 4. e3 Bf5 5. Bd3 Bg6 6. Nf3 Nbd7 7. h3 e6 8. O-O
Bb4 9. Ne2 Ne4 10. a3 Ba5 11. c4 dxc4 12. Bxc4 Bc7 13. Rc1 Nb6 14. b4 Bxf4 15.
Nxf4 Nxc4 16. Rxc4 O-O 17. Ne5 a5 18. Nfxg6 hxg6 19. Qc2 Nd6 20. Rc5 axb4 21.
a4 Ra6 22. Rb1 Rb6 23. Rb3 Kh7 24. Qb1 f5 25. Rxb4 Rxb4 26. Qxb4 f4 27. Qb1 Nf5
28. Nf3 fxe3 29. fxe3 Kh8 30. Qe4 Qf6 31. Kh2 Rd8 32. Re5 Re8 33. Qf4 Nd6 34.
Ng5 Nf5 35. Rxe6 Qf8 36. Qe5 Rd8 37. Qc7 Re8 38. Qd7 Rxe6 39. Qxe6 Qb8+ 40. Kg1
Nh6 41. Qxg6 Kg8 42. Qe6+ Kh8 43. Qg6 Kg8 44. Ne6 Nf5 45. Qxf5 Qg3 46. Qf8+ Kh7
47. Qxg7+ 1-0

[Event "Torneo de Benidorm sub 2000 2019"]
[Site "Benidorm ESP"]
[Date "2019.12.03"]
[Round "5.11"]
[White "Marchenko, Valentyn"]
[Black "Santamaria Baeza, Adolfo"]
[Result "1/2-1/2"]
[WhiteElo "1915"]
[BlackElo "1834"]
[PlyCount "155"]
[EventDate "2019.11.29"]
[EventType "swiss"]
[EventRounds "10"]
[EventCountry "ESP"]
[SourceTitle "Ajedrez en Madrid"]
[Source "lmi"]
[SourceDate "2019.11.30"]
[SourceVersion "1"]
[SourceVersionDate "2019.12.08"]
[SourceQuality "1"]

1. e4 e5 2. Nc3 Nc6 3. f4 exf4 4. Nf3 d6 5. d4 g5 6. Bc4 Bg4 7. O-O Bg7 8. Ne2
Qe7 9. c3 Bxf3 10. Rxf3 Nf6 11. Qb3 O-O 12. Bd3 Rab8 13. h4 h6 14. hxg5 hxg5
15. Qb5 Nxe4 16. Qf5 Rfe8 17. Bxf4 gxf4 18. Nxf4 Nxd4 19. cxd4 Bxd4+ 20. Kh2
Qe5 21. Bxe4 Qxe4 22. Rg3+ Bg7 23. Qg4 Qh7+ 24. Rh3 Qe4 25. Rg3 Qh7+ 26. Nh5
Re5 27. Qxg7+ Qxg7 28. Nxg7 f6 29. Nf5+ Kf7 30. Rg7+ Kf8 31. Rh7 Kg8 32. Rg7+
Kh8 33. Rxc7 Rxf5 34. Rd1 d5 35. Rd7 a5 36. R1xd5 Rxd5 37. Rxd5 b5 38. Rd7 b4
39. Kg3 Rb5 40. Kf4 Kg8 41. Ra7 Rc5 42. g4 Kf8 43. Ke4 Ke8 44. b3 Kf8 45. Rh7
Kg8 46. Rh5 Rc2 47. Rxa5 Kf7 48. Ra4 Kg6 49. Kf4 Rf2+ 50. Ke3 Rg2 51. Kf3 Rd2
52. Rxb4 Rxa2 53. Rb5 Ra1 54. b4 Rf1+ 55. Kg2 Rb1 56. Kf2 Rb3 57. Kg2 Kh6 58.
Rh5+ Kg6 59. b5 Rc3 60. Rd5 Rb3 61. Kf2 Kh6 62. Ke2 Kg6 63. Kd2 Rb4 64. Kc3
Rxg4 65. b6 Re4 66. Rd8 Re7 67. Kd4 f5 68. Kc5 f4 69. Rf8 Kg5 70. Kd6 Rg7 71.
Kc6 Kg4 72. b7 Rxb7 73. Kxb7 Kg3 74. Kc6 f3 75. Kd5 Kg2 76. Rg8+ Kh2 77. Rh8+
Kg2 78. Rf8 1/2-1/2

[Event "Torneo de Benidorm sub 2000 2019"]
[Site "Benidorm ESP"]
[Date "2019.12.03"]
[Round "5.12"]
[White "Basto Auzmendi, Mario"]
[Black "Blondel, Jerome"]
[Result "0-1"]
[WhiteElo "1983"]
[BlackElo "1847"]
[PlyCount "54"]
[EventDate "2019.11.29"]
[EventType "swiss"]
[EventRounds "10"]
[EventCountry "ESP"]
[SourceTitle "Ajedrez en Madrid"]
[Source "lmi"]
[SourceDate "2019.11.30"]
[SourceVersion "1"]
[SourceVersionDate "2019.12.08"]
[SourceQuality "1"]

1. Nf3 d5 2. g3 Nf6 3. Bg2 g6 4. c4 c6 5. b3 Bg7 6. Bb2 dxc4 7. bxc4 Qb6 8. Qb3
O-O 9. O-O Na6 10. d4 Ne4 11. Nc3 Nxc3 12. Bxc3 Nc5 13. Qc2 Nd7 14. Rab1 Qc7
15. Rfc1 Nb6 16. Ba5 Qd7 17. Bxb6 axb6 18. Rxb6 Bxd4 19. Nxd4 Qxd4 20. Qb2 Rd8
21. h3 Rxa2 22. Qxd4 Rxd4 23. Bf3 e5 24. Rbb1 Rdd2 25. Ra1 Bxh3 26. Rxa2 Rxa2
27. Rb1 Ra7 0-1

[Event "Torneo de Benidorm sub 2000 2019"]
[Site "Benidorm ESP"]
[Date "2019.12.03"]
[Round "5.13"]
[White "Bote Kobolo, Benjamin E."]
[Black "Iglesias Ferreira, Andres"]
[Result "0-1"]
[WhiteElo "1983"]
[BlackElo "1850"]
[PlyCount "100"]
[EventDate "2019.11.29"]
[EventType "swiss"]
[EventRounds "10"]
[EventCountry "ESP"]
[SourceTitle "Ajedrez en Madrid"]
[Source "lmi"]
[SourceDate "2019.11.30"]
[SourceVersion "1"]
[SourceVersionDate "2019.12.08"]
[SourceQuality "1"]

1. e4 c5 2. Nf3 e6 3. Nc3 a6 4. a4 Nc6 5. Be2 Nf6 6. d3 d6 7. O-O Be7 8. Re1
Qc7 9. Bf4 O-O 10. h3 b6 11. Bf1 Nd7 12. Bg3 Bb7 13. d4 cxd4 14. Nxd4 Rfd8 15.
Nb3 Nf6 16. Qe2 Rac8 17. Rad1 Qb8 18. f4 Nb4 19. Kh2 Qa8 20. Bh4 e5 21. f5 Qb8
22. Bf2 Nd7 23. Rd2 Nc5 24. Nxc5 dxc5 25. Red1 Rxd2 26. Rxd2 Rd8 27. Be3 Rxd2
28. Qxd2 Qd6 29. Qf2 Nc6 30. Bc4 Nd4 31. Nd5 b5 32. axb5 axb5 33. Ba2 c4 34.
Nxe7+ Qxe7 35. c3 Nc6 36. Bb1 Nd8 37. Bc2 f6 38. Qf1 Nf7 39. Qa1 Qc7 40. Qa7 h6
41. h4 Nd6 42. Kg1 Qc6 43. Qb8+ Kh7 44. Bf2 Nxe4 45. Bd1 Nd2 46. Bf3 Nxf3+ 47.
gxf3 Qxf3 48. Kf1 Qd1+ 49. Be1 Qd3+ 50. Kg1 Qf3 0-1

[Event "Torneo de Benidorm sub 2000 2019"]
[Site "Benidorm ESP"]
[Date "2019.12.03"]
[Round "5.14"]
[White "Oreshkin, Vladislav"]
[Black "De Lucas Bello, Federico"]
[Result "1/2-1/2"]
[WhiteElo "1847"]
[BlackElo "1974"]
[PlyCount "38"]
[EventDate "2019.11.29"]
[EventType "swiss"]
[EventRounds "10"]
[EventCountry "ESP"]
[SourceTitle "Ajedrez en Madrid"]
[Source "lmi"]
[SourceDate "2019.11.30"]
[SourceVersion "1"]
[SourceVersionDate "2019.12.08"]
[SourceQuality "1"]

1. b3 e5 2. Bb2 Nc6 3. e3 g6 4. Bb5 Nge7 5. f4 Bg7 6. Nf3 f6 7. fxe5 fxe5 8.
O-O O-O 9. e4 h6 10. Nc3 d6 11. Bc4+ Kh7 12. h3 Na5 13. Bd3 Be6 14. Qe2 c5 15.
Rf2 a6 16. Nd1 b5 17. Ne3 Rc8 18. c4 b4 19. Raf1 g5 1/2-1/2

[Event "Torneo de Benidorm sub 2000 2019"]
[Site "Benidorm ESP"]
[Date "2019.12.03"]
[Round "5.15"]
[White "Gomez Ligero, Sergio"]
[Black "Van Hoecke, Luc"]
[Result "0-1"]
[WhiteElo "1843"]
[BlackElo "1968"]
[PlyCount "71"]
[EventDate "2019.11.29"]
[EventType "swiss"]
[EventRounds "10"]
[EventCountry "ESP"]
[SourceTitle "Ajedrez en Madrid"]
[Source "lmi"]
[SourceDate "2019.11.30"]
[SourceVersion "1"]
[SourceVersionDate "2019.12.08"]
[SourceQuality "1"]

1. e4 c5 2. Na3 Nc6 3. Bb5 Nf6 4. Bxc6 dxc6 5. d3 g6 6. Nf3 Bg7 7. Nc4 Be6 8.
Qe2 h6 9. a4 Nd7 10. h4 a5 11. c3 b5 12. axb5 cxb5 13. Ne3 b4 14. d4 cxd4 15.
Nxd4 bxc3 16. bxc3 Qb6 17. O-O O-O 18. Rd1 Rfc8 19. Nxe6 Qxe6 20. Nd5 Nf6 21.
Nxf6+ Qxf6 22. Qg4 h5 23. Qg5 Qxc3 24. Bd2 Qc2 25. e5 e6 26. Bxa5 Qc5 27. Qd2
Qxe5 28. Re1 Qf5 29. Ra2 Rc5 30. Bb4 Rxa2 31. Qxa2 Rc2 32. Qa8+ Kh7 33. Qa7 Rc4
34. Be7 Bd4 35. Qa2 Rc2 36. Rf1 0-1

[Event "Torneo de Benidorm sub 2000 2019"]
[Site "Benidorm ESP"]
[Date "2019.12.03"]
[Round "5.16"]
[White "Cuellar Gutierrez, Raul"]
[Black "Shreyas S, Nikam"]
[Result "0-1"]
[WhiteElo "1967"]
[BlackElo "1839"]
[PlyCount "138"]
[EventDate "2019.11.29"]
[EventType "swiss"]
[EventRounds "10"]
[EventCountry "ESP"]
[SourceTitle "Ajedrez en Madrid"]
[Source "lmi"]
[SourceDate "2019.11.30"]
[SourceVersion "1"]
[SourceVersionDate "2019.12.08"]
[SourceQuality "1"]

1. d4 d5 2. Nf3 Nf6 3. g3 Bf5 4. Bg2 e6 5. c4 c6 6. Nbd2 Nbd7 7. O-O Be7 8. b3
h6 9. Bb2 O-O 10. Ne5 a5 11. a4 Bh7 12. Rc1 Bb4 13. Ndf3 Qe7 14. Nd3 Bd6 15.
Nfe5 Rfd8 16. Qe1 Ne8 17. Bc3 Bc7 18. Nxd7 Qxd7 19. Nc5 Qc8 20. cxd5 exd5 21.
Qd2 Nf6 22. f3 b6 23. Nd3 Qe6 24. Nf2 Re8 25. Rfe1 Rad8 26. Qb2 Bd6 27. Bd2 c5
28. dxc5 Bxc5 29. b4 axb4 30. Bxb4 Be3 31. Bd2 d4 32. Kf1 Nd5 33. Bxe3 Qxe3 34.
Ng4 Qe6 35. Kg1 Nc3 36. Bf1 Nxa4 37. Qb4 Nc5 38. Nf2 Rd6 39. Red1 Qe3 40. Kg2
Bf5 41. Nd3 Bxd3 42. exd3 Qg5 43. Re1 Re3 44. Rxe3 dxe3 45. Be2 Qd5 46. Rd1 Ne6
47. Qg4 Nd4 48. Kf1 h5 49. Qe4 Qa2 50. Qe8+ Kh7 51. Re1 Qe6 52. Qxe6 Rxe6 53.
f4 g6 54. Rb1 b5 55. Rb4 Rd6 56. Rb2 f5 57. Kg2 Kg7 58. Bd1 Kf6 59. Bb3 Ke7 60.
Bd1 Kd7 61. h3 Kc7 62. g4 hxg4 63. hxg4 Kb6 64. gxf5 gxf5 65. Kf1 Kc5 66. Be2
b4 67. Bd1 Rb6 68. Bb3 Rh6 69. Kg1 e2 0-1

[Event "Torneo de Benidorm sub 2000 2019"]
[Site "Benidorm ESP"]
[Date "2019.12.03"]
[Round "5.17"]
[White "Sabater Robles, Rafael"]
[Black "Selva Salvador, Antonio"]
[Result "1/2-1/2"]
[WhiteElo "1956"]
[BlackElo "1804"]
[PlyCount "60"]
[EventDate "2019.11.29"]
[EventType "swiss"]
[EventRounds "10"]
[EventCountry "ESP"]
[SourceTitle "Ajedrez en Madrid"]
[Source "lmi"]
[SourceDate "2019.11.30"]
[SourceVersion "1"]
[SourceVersionDate "2019.12.08"]
[SourceQuality "1"]

1. e4 c5 2. Nf3 Nc6 3. d4 cxd4 4. Nxd4 e5 5. Nb5 a6 6. Nd6+ Bxd6 7. Qxd6 Qe7 8.
Qc7 d5 9. Qxe7+ Ngxe7 10. exd5 Nb4 11. Na3 Nexd5 12. c3 Nc6 13. Be2 O-O 14. Bf3
e4 15. Be2 Ne5 16. O-O Be6 17. Nc2 Rfe8 18. c4 Nf6 19. b3 Rad8 20. Be3 Nfg4 21.
Bd4 Nc6 22. Bc3 Nge5 23. Rad1 Bg4 24. Bxg4 Nxg4 25. h3 Nge5 26. Ne3 Nd3 27. Nd5
Ne7 28. Nb4 Nxb4 29. Bxb4 Nc6 30. Bc3 f5 1/2-1/2

[Event "Torneo de Benidorm sub 2000 2019"]
[Site "Benidorm ESP"]
[Date "2019.12.03"]
[Round "5.18"]
[White "Navio Lopez, Manuel"]
[Black "Rohan, Bharat Joshi"]
[Result "1/2-1/2"]
[WhiteElo "1821"]
[BlackElo "1944"]
[PlyCount "74"]
[EventDate "2019.11.29"]
[EventType "swiss"]
[EventRounds "10"]
[EventCountry "ESP"]
[SourceTitle "Ajedrez en Madrid"]
[Source "lmi"]
[SourceDate "2019.11.30"]
[SourceVersion "1"]
[SourceVersionDate "2019.12.08"]
[SourceQuality "1"]

1. Nf3 c5 2. b3 d5 3. e3 Nf6 4. Bb2 e6 5. Be2 Bd6 6. O-O O-O 7. d4 Nc6 8. c4
dxc4 9. Bxc4 b6 10. dxc5 Bxc5 11. Qe2 Bb7 12. Rd1 Qe7 13. Nc3 a6 14. Na4 b5 15.
Nxc5 Qxc5 16. Bd3 Rfd8 17. Rac1 Qh5 18. Bb1 Rxd1+ 19. Rxd1 Rd8 20. Rxd8+ Nxd8
21. Qd3 Qd5 22. Bxf6 Qxd3 23. Bxd3 gxf6 24. Nd4 h6 25. a4 bxa4 26. bxa4 Kf8 27.
Nb3 Nc6 28. Nc5 Nb4 29. Be2 Bc8 30. f4 Ke7 31. Kf2 f5 32. h3 Kd6 33. Nb3 Bd7
34. a5 Ba4 35. Nd4 Kc5 36. g4 fxg4 37. hxg4 Kd5 1/2-1/2

[Event "Torneo de Benidorm sub 2000 2019"]
[Site "Benidorm ESP"]
[Date "2019.12.03"]
[Round "5.19"]
[White "Viñas Serrano, Jordi"]
[Black "Dmytriv, Roman"]
[Result "1/2-1/2"]
[WhiteElo "1818"]
[BlackElo "1941"]
[PlyCount "33"]
[EventDate "2019.11.29"]
[EventType "swiss"]
[EventRounds "10"]
[EventCountry "ESP"]
[SourceTitle "Ajedrez en Madrid"]
[Source "lmi"]
[SourceDate "2019.11.30"]
[SourceVersion "1"]
[SourceVersionDate "2019.12.08"]
[SourceQuality "1"]

1. d4 f5 2. e4 fxe4 3. Nc3 Nf6 4. Bg5 g6 5. Bxf6 exf6 6. Nxe4 Bg7 7. c3 O-O 8.
Bd3 Re8 9. Ne2 d5 10. Nd2 Nd7 11. h4 f5 12. Qb3 Nf6 13. Kf1 b6 14. Nf3 c5 15.
Qd1 c4 16. Bc2 Ng4 17. Qd2 1/2-1/2

[Event "Torneo de Benidorm sub 2000 2019"]
[Site "Benidorm ESP"]
[Date "2019.12.03"]
[Round "5.20"]
[White "Rangelov Mihailov, Georgi"]
[Black "Arocena Uria, Jaime"]
[Result "1/2-1/2"]
[WhiteElo "1937"]
[BlackElo "1787"]
[PlyCount "108"]
[EventDate "2019.11.29"]
[EventType "swiss"]
[EventRounds "10"]
[EventCountry "ESP"]
[SourceTitle "Ajedrez en Madrid"]
[Source "lmi"]
[SourceDate "2019.11.30"]
[SourceVersion "1"]
[SourceVersionDate "2019.12.08"]
[SourceQuality "1"]

1. e4 c5 2. Nf3 d6 3. c3 Nf6 4. h3 Nc6 5. Bd3 e5 6. Bc2 Be6 7. O-O Qb6 8. Re1
h6 9. d3 Be7 10. Nbd2 O-O-O 11. Nc4 Qc7 12. Qe2 g5 13. Nh2 Rdg8 14. Ne3 h5 15.
g4 hxg4 16. hxg4 Rh4 17. f3 d5 18. Kg2 c4 19. Rh1 cxd3 20. Bxd3 dxe4 21. Bxe4
Nxe4 22. fxe4 Rgh8 23. Bd2 Qb6 24. b4 a5 25. a3 a4 26. Be1 Rh3 27. Bf2 Qc7 28.
Nf3 Rxh1 29. Rxh1 Rxh1 30. Kxh1 Nd8 31. Qd3 f6 32. Nh2 Qd7 33. Nd5 Bxd5 34.
exd5 Bd6 35. c4 Bb8 36. Bb6 Bc7 37. Bxc7 Kxc7 38. Qe4 b6 39. Nf1 Nb7 40. Ne3
Nd6 41. Qg6 Nxc4 42. Qc2 b5 43. Kh2 Kd6 44. Nxc4+ bxc4 45. Qxc4 Qc7 46. Qd3 Qc1
47. Qa6+ Kxd5 48. Qxa4 Qf4+ 49. Kh1 Qxg4 50. Qb3+ Kd4 51. b5 e4 52. b6 Qh4+ 53.
Kg2 Qg4+ 54. Kh1 Qh4+ 1/2-1/2

[Event "Torneo de Benidorm sub 2000 2019"]
[Site "Benidorm ESP"]
[Date "2019.12.03"]
[Round "5.21"]
[White "Malek, Yuriy"]
[Black "Najarro Garcia, Jose Maria"]
[Result "1-0"]
[WhiteElo "1930"]
[BlackElo "1778"]
[PlyCount "103"]
[EventDate "2019.11.29"]
[EventType "swiss"]
[EventRounds "10"]
[EventCountry "ESP"]
[SourceTitle "Ajedrez en Madrid"]
[Source "lmi"]
[SourceDate "2019.11.30"]
[SourceVersion "1"]
[SourceVersionDate "2019.12.08"]
[SourceQuality "1"]

1. e4 e5 2. d4 exd4 3. Bc4 Nc6 4. Nf3 Be7 5. c3 Nf6 6. e5 Ng4 7. cxd4 d5 8. Bb3
h5 9. Nc3 Be6 10. a3 h4 11. h3 Nh6 12. Ba4 Nf5 13. b4 Kf8 14. Ne2 g5 15. Qd3 a6
16. Nh2 Kg7 17. Ng4 Qd7 18. Bc2 Rag8 19. Rb1 Kf8 20. Bd2 Ng7 21. Ne3 f5 22.
exf6 Bxf6 23. a4 Ne7 24. b5 axb5 25. axb5 Nef5 26. Ng4 Ke7 27. Qa3+ Nd6 28. Ne5
Qc8 29. Ng6+ Kf7 30. Nxh8+ Rxh8 31. Qf3 Ngf5 32. O-O Nc4 33. Bb4 Qd7 34. Rfd1
Nfd6 35. Nc3 g4 36. hxg4 Bxg4 37. Qxd5+ Be6 38. Qf3 h3 39. g3 h2+ 40. Kh1 Bg4
41. Qd3 Bf5 42. Qe2 Bh3 43. Bxd6 Nxd6 44. Bb3+ Kg7 45. Nd5 Bg2+ 46. Kxg2 Qh3+
47. Kh1 Re8 48. Qf1 Qf5 49. Nxf6 Kxf6 50. Rb2 Qf3+ 51. Qg2 Qxd1+ 52. Bxd1 1-0

[Event "Torneo de Benidorm sub 2000 2019"]
[Site "Benidorm ESP"]
[Date "2019.12.03"]
[Round "5.22"]
[White "Martinez Rodriguez, Eugenio"]
[Black "Perez Garcia, Jose Miguel"]
[Result "1/2-1/2"]
[WhiteElo "1777"]
[BlackElo "1920"]
[PlyCount "51"]
[EventDate "2019.11.29"]
[EventType "swiss"]
[EventRounds "10"]
[EventCountry "ESP"]
[SourceTitle "Ajedrez en Madrid"]
[Source "lmi"]
[SourceDate "2019.11.30"]
[SourceVersion "1"]
[SourceVersionDate "2019.12.08"]
[SourceQuality "1"]

1. e4 c5 2. Nf3 e6 3. d4 cxd4 4. Nxd4 a6 5. Nc3 b5 6. a3 Bb7 7. Qd3 Nc6 8. Nxc6
dxc6 9. Qg3 Rc8 10. Bd3 c5 11. e5 Ne7 12. Bg5 h6 13. Bxe7 Qxe7 14. Ne4 Bxe4 15.
Bxe4 Rc7 16. Qf3 Qg5 17. Bc6+ Ke7 18. Qe4 Qf5 19. f4 g5 20. Qxf5 exf5 21. Bd5
Bg7 22. g3 Rd8 23. O-O-O Rcd7 24. Bc6 Rxd1+ 25. Rxd1 Rxd1+ 26. Kxd1 1/2-1/2

[Event "Torneo de Benidorm sub 2000 2019"]
[Site "Benidorm ESP"]
[Date "2019.12.04"]
[Round "6.1"]
[White "Machin Arbelo, Pedro Alexis"]
[Black "Nahornyi, Ihor"]
[Result "1-0"]
[WhiteElo "1995"]
[BlackElo "1999"]
[PlyCount "119"]
[EventDate "2019.11.29"]
[EventType "swiss"]
[EventRounds "10"]
[EventCountry "ESP"]
[SourceTitle "Ajedrez en Madrid"]
[Source "lmi"]
[SourceDate "2019.11.30"]
[SourceVersion "1"]
[SourceVersionDate "2019.12.08"]
[SourceQuality "1"]

1. d4 Nf6 2. Nc3 d5 3. Bf4 a6 4. e3 e6 5. a3 c5 6. h3 Nc6 7. Nf3 Bd6 8. Bxd6
Qxd6 9. Bd3 O-O 10. O-O e5 11. dxe5 Nxe5 12. Be2 Be6 13. Qd2 Rad8 14. Rfd1 h6
15. Qe1 Nxf3+ 16. Bxf3 Qe5 17. Rab1 Rc8 18. Ne2 Rfd8 19. c3 Ne4 20. Bxe4 dxe4
21. Rxd8+ Rxd8 22. Rd1 Qc7 23. Rd2 Rd6 24. Nc1 Qd7 25. Rxd6 Qxd6 26. Qe2 b5 27.
b3 Kh7 28. Qc2 f5 29. g3 Bf7 30. Kf1 Bh5 31. Ke1 Bf3 32. Qd2 Qe6 33. Qc2 f4 34.
exf4 Qxh3 35. Kd2 Qf1 36. Ke3 Qe1+ 37. Ne2 a5 38. Qd2 Qf1 39. b4 axb4 40. axb4
cxb4 41. cxb4 Qa1 42. Qc3 Qf1 43. Nd4 Bg2 44. Nf5 Qd3+ 45. Qxd3 exd3 46. Kxd3
g5 47. fxg5 hxg5 48. Kd4 Kg6 49. Ne3 Bf3 50. Kc5 Be2 51. Nc2 g4 52. Nd4 Bd3 53.
Nxb5 Kf5 54. Nc3 Ke5 55. b5 Bf1 56. b6 Bg2 57. Nd1 Bb7 58. Ne3 Ke4 59. Nxg4 Kf3
60. Ne5+ 1-0

[Event "Torneo de Benidorm sub 2000 2019"]
[Site "Benidorm ESP"]
[Date "2019.12.04"]
[Round "6.2"]
[White "Rojas Fernandez, Andres"]
[Black "Trabazos Gallego, Javier"]
[Result "0-1"]
[WhiteElo "1888"]
[BlackElo "1939"]
[PlyCount "113"]
[EventDate "2019.11.29"]
[EventType "swiss"]
[EventRounds "10"]
[EventCountry "ESP"]
[SourceTitle "Ajedrez en Madrid"]
[Source "lmi"]
[SourceDate "2019.11.30"]
[SourceVersion "1"]
[SourceVersionDate "2019.12.08"]
[SourceQuality "1"]

1. e4 g6 2. d4 Bg7 3. Nf3 d6 4. Nc3 Nf6 5. Bc4 O-O 6. Qe2 c6 7. a4 d5 8. exd5
cxd5 9. Bd3 Nc6 10. Be3 Ng4 11. h3 Nxe3 12. fxe3 e5 13. dxe5 Nxe5 14. O-O Be6
15. Nd4 Qg5 16. Nxe6 fxe6 17. Nb5 Rac8 18. c3 Qg3 19. Nd4 Nxd3 20. Qxd3 Be5 21.
Nf3 Bd6 22. Rad1 Rf7 23. e4 Rcf8 24. e5 Bc5+ 25. Kh1 Rf5 26. Qe2 g5 27. Nd4 Rf2
28. Rxf2 Rxf2 29. Qg4 Qxg4 30. hxg4 Bxd4 31. cxd4 Rxb2 32. Rc1 Rb4 33. Rc8+ Kf7
34. Rc7+ Kg6 35. Re7 Rxa4 36. Rxe6+ Kf7 37. Rd6 Rxd4 38. Rd7+ Ke6 39. Rxb7 a5
40. Rxh7 Rxg4 41. Kg1 Kxe5 42. Kf2 Re4 43. Kf3 a4 44. Ra7 Kd6 45. Ra8 Kc5 46.
Ra5+ Kc6 47. Ra8 Kb5 48. Rb8+ Kc4 49. Rc8+ Kb3 50. Rc5 a3 51. Rxd5 Rf4+ 52. Kg3
a2 53. Ra5 Ra4 54. Rc5 Rf4 55. Rd5 Kc2 56. Rd3 Kb2 57. Ra3 0-1

[Event "Torneo de Benidorm sub 2000 2019"]
[Site "Benidorm ESP"]
[Date "2019.12.04"]
[Round "6.4"]
[White "Perez Garcia, Juan Angel"]
[Black "Moya Mallafre, Daniel Erik"]
[Result "1-0"]
[WhiteElo "1999"]
[BlackElo "1886"]
[PlyCount "137"]
[EventDate "2019.11.29"]
[EventType "swiss"]
[EventRounds "10"]
[EventCountry "ESP"]
[SourceTitle "Ajedrez en Madrid"]
[Source "lmi"]
[SourceDate "2019.11.30"]
[SourceVersion "1"]
[SourceVersionDate "2019.12.08"]
[SourceQuality "1"]

1. d4 Nf6 2. Nf3 c5 3. c3 e6 4. Bf4 Nc6 5. e3 Be7 6. Nbd2 Nh5 7. Bg3 Nxg3 8.
hxg3 b6 9. Bd3 h6 10. a3 Bb7 11. Qe2 d5 12. O-O-O Qc7 13. Kb1 c4 14. Bc2 b5 15.
e4 a5 16. exd5 exd5 17. Ne5 O-O 18. f4 b4 19. Rxh6 gxh6 20. Qg4+ Bg5 21. Nxc6
Bxc6 22. fxg5 Bd7 23. Qh5 Qb6 24. gxh6 Qf6 25. Rf1 Qe7 26. Qxd5 Be6 27. Qe4 f5
28. Rxf5 Rxf5 29. Qxa8+ Rf8 30. h7+ Kg7 31. Qxa5 b3 32. Qe5+ Qf6 33. Be4 Qxe5
34. dxe5 Bf5 35. Kc1 Bxe4 36. Nxe4 Kxh7 37. Kd2 Kg6 38. Ke3 Kf5 39. Kd4 Ke6 40.
Nc5+ Kf5 41. g4+ Kxg4 42. Kxc4 Kf5 43. e6 Rc8 44. g4+ Ke5 45. Kb5 Kd6 46. Nxb3
Rb8+ 47. Kc4 Kxe6 48. Nd4+ Kd6 49. b4 Rc8+ 50. Kb3 Kd5 51. a4 Ra8 52. Nb5 Rg8
53. c4+ Kc6 54. Nd4+ Kb7 55. c5 Rxg4 56. Kc4 Rg1 57. b5 Rc1+ 58. Kb4 Rb1+ 59.
Nb3 Rh1 60. a5 Rh4+ 61. Kc3 Rh3+ 62. Kc4 Rh4+ 63. Nd4 Rh1 64. c6+ Kb8 65. b6
Rc1+ 66. Kb5 Rb1+ 67. Ka6 Rb4 68. c7+ Kc8 69. Nb5 1-0

[Event "Torneo de Benidorm sub 2000 2019"]
[Site "Benidorm ESP"]
[Date "2019.12.04"]
[Round "6.5"]
[White "Estevez Jacome, Jose Ramon"]
[Black "Yanev, Yordan"]
[Result "0-1"]
[WhiteElo "1981"]
[BlackElo "1878"]
[PlyCount "116"]
[EventDate "2019.11.29"]
[EventType "swiss"]
[EventRounds "10"]
[EventCountry "ESP"]
[SourceTitle "Ajedrez en Madrid"]
[Source "lmi"]
[SourceDate "2019.11.30"]
[SourceVersion "1"]
[SourceVersionDate "2019.12.08"]
[SourceQuality "1"]

1. e4 Nf6 2. e5 Nd5 3. d4 d6 4. Nf3 g6 5. c4 Nb6 6. exd6 cxd6 7. Be2 Bg7 8. O-O
O-O 9. Be3 Bg4 10. Nbd2 d5 11. c5 N6d7 12. h3 Bxf3 13. Nxf3 b6 14. b4 a5 15. a3
axb4 16. Qb3 bxc5 17. Qxd5 Rxa3 18. Rxa3 bxa3 19. dxc5 Qa5 20. Bc4 e6 21. Qd6
a2 22. Bxa2 Qxa2 23. c6 Nf6 24. c7 Nbd7 25. Qxf8+ Bxf8 26. c8=Q Kg7 27. Rd1 Qa4
28. Rc1 Bd6 29. Qc6 Qb4 30. Rd1 Bb8 31. Bd4 Qb3 32. Re1 Qd5 33. Qxd5 exd5 34.
Ne5 Kf8 35. f3 Bxe5 36. Bxe5 Ke7 37. Bf4+ Kd8 38. Bd6 Ng8 39. g4 Ndf6 40. Kf2
Kd7 41. Ba3 h5 42. g5 Ne8 43. Rb1 Nd6 44. Kg3 Ne7 45. Kf4 Ke6 46. Bxd6 Kxd6 47.
Rb6+ Nc6 48. Rb7 Nd8 49. Ra7 Ne6+ 50. Ke3 Nxg5 51. h4 d4+ 52. Kf2 Ne6 53. Rxf7
Ke5 54. Rd7 Nf4 55. Ra7 Nd5 56. Ra5 d3 57. Ra4 Nc3 58. Rc4 d2 0-1

[Event "Torneo de Benidorm sub 2000 2019"]
[Site "Benidorm ESP"]
[Date "2019.12.04"]
[Round "6.6"]
[White "Cemborain Oricain, Alfonso"]
[Black "Westerweele, Henrik"]
[Result "0-1"]
[WhiteElo "1877"]
[BlackElo "1977"]
[PlyCount "78"]
[EventDate "2019.11.29"]
[EventType "swiss"]
[EventRounds "10"]
[EventCountry "ESP"]
[SourceTitle "Ajedrez en Madrid"]
[Source "lmi"]
[SourceDate "2019.11.30"]
[SourceVersion "1"]
[SourceVersionDate "2019.12.08"]
[SourceQuality "1"]

1. Nf3 e6 2. b3 f5 3. Bb2 Nf6 4. c4 Be7 5. g3 O-O 6. Bg2 d6 7. d4 Ne4 8. O-O
Nd7 9. Nc3 Ndf6 10. Nd2 Nxd2 11. Qxd2 c6 12. e4 e5 13. Rad1 Qe8 14. dxe5 dxe5
15. Qc2 Qg6 16. Rd2 f4 17. Na4 Qh5 18. Qd1 Bg4 19. f3 fxg3 20. hxg3 b5 21. cxb5
cxb5 22. fxg4 Nxg4 23. Bf3 bxa4 24. Bxg4 Rxf1+ 25. Kxf1 Qh1+ 26. Kf2 Bc5+ 27.
Bd4 Bxd4+ 28. Rxd4 Qh2+ 29. Ke3 Qxg3+ 30. Bf3 exd4+ 31. Qxd4 Rf8 32. Qd5+ Kh8
33. e5 Qxf3+ 34. Qxf3 Rxf3+ 35. Kxf3 axb3 36. axb3 Kg8 37. Ke4 Kf7 38. Kd5 Ke7
39. b4 h5 0-1